| 000 | 00642nam a22001937a 4500 | ||
|---|---|---|---|
| 003 | OSt | ||
| 005 | 20131128113544.0 | ||
| 008 | 130613s2009 sp ||||| |||| 00| 0 cat d | ||
| 020 | _a9788493618360 | ||
| 040 | _cCDMR | ||
| 245 | 0 | 3 |
_aLa comunicació de proximitat a Catalunya _b: debats i jornades a l'entorn de la comunicació local (2000-2009) |
| 260 |
_aBarcelona _bTaula de Comunicació |
||
| 260 |
_bDiomira _c2009 |
||
| 300 | _a214 p. | ||
| 650 | 0 | 4 |
_93755 _aMitjans de comunicació de massa locals _zCatalunya |
| 650 | 0 | 4 |
_93778 _aPeriodisme _zCatalunya _xCongressos |
| 710 | 2 |
_93754 _aTaula de Comunicació de Barcelona |
|
| 942 |
_2udc _cMON |
||
| 999 |
_c6452 _d6452 |
||